000 00283nam a2200121Ia 4500
008 241002s9999 xx 000 0 und d
082 _a155 REZ
100 _aRez, Knight
245 2 _aA Modern Introduction to Psychology
260 _aN/A
_cN/A
600 _aPhilosophy
942 _cUC
999 _c18388
_d18388